01077nam a22002897a 4500001000700000003000900007005001700016007000700033008003200040040002500072082002700097100002000124245016600144260004400310300002900354490005900383590002600442650003600468650002100504700002000525700002800545700001800573910004000591942001200631952012700643999001700770000505DO-SdBPM20250509130710.0000505160916b1970 sp || 00| 0 spa d aDO-SdBPMbspacBPMSU 4a820.4 bM719p 19702221 aMolho, Blanca. 10aPoetas ingleses metafísicos del siglo XVII /c selección, versión y prólogo de Blanca y Maurice Molho ; preparación de textos originales María Gomis. aBarcelona : bEditorial Barral, c1970. a181 p., 3 h. ; c19 cm. 0 aEdiciones de bolsillo;aPoesía. Libros de enlacev23 aInventariado, 2025/VM 4aLiteratura inglesa y1500-1700. 4aPoetas ingleses.1 aMolho, Mauricio1 aGomis Bertrand, María1 aMolho, Blanca aVMateo V. Control de calidad. BPMSU 2ddccBK 00102ddc40708CGaBPMETbBPMETd2016-09-16e l0oBPMSU CG 820.4 M719p 1970pBPMSU16090353r2016-09-16w2016-09-16yBK c11416d11416